000 01430cam a2200325 i 4500
003 SA-RiAUC
005 20250324125255.0
008 250321s1985 su o g b 000r0 ara c
040 _aSA-JeALM
_bara
_cSA-RiAUC
_erda
043 _aa-su---
082 0 4 _a301.09531
_qSA-RiAUC
090 _a301.09531
_bم غ ر
100 1 _aمغربي، محمد علي عبد الواحد،
_d1333-1417 هجري
_eمؤلف.
245 1 0 _aملامح الحياة الاجتماعية في الحجاز /
_cمحمد علي مغربي.
246 3 4 _aملامح الحياة الاجتماعية في الحجاز في القرن الرابع عشر للهجرة
250 _aالطبعة الثانية.
264 1 _aجدة، السعودية :
_bدار العلم،
_c1985
300 _a279 صفحة :
_bصور ؛
_c24 سم
336 _aنص
_btxt
_2rdacontent
_3كتاب
337 _aبدون وسيط
_bn
_2rdamedia
338 _aمجلد
_bnc
_2rdacarrier
500 _aإهداء من المؤلف محمد علي مغربي.
501 _aمعه : البعث : مجموعة قصصية / للمؤلف.
504 _aببليوجرافية : صفحة 264.
651 7 _aالحجاز (السعودية)
_xتاريخ
_2aucsh
651 7 _aالحجاز (السعودية)
_xأحوال اجتماعية
_2aucsh
740 2 2 _aالبعث : مجموعة قصصية.
942 _2ddc
_cBOOK
_n0
949 _aSA-JeALM
_d250321
_umohamedma123
_n1
999 _c6604
_d6604